| 000 | 00713nam a2200229 i 4500 | ||
|---|---|---|---|
| 001 | 169317 | ||
| 003 | ES-MaACL | ||
| 005 | 20250911062845.0 | ||
| 008 | 080901s2008 sp |||| | spa d | ||
| 017 | _aM-27.631-2008 | ||
| 020 | _a978-84-7522-034-5 | ||
| 080 | _a821.134.2-14"19" | ||
| 100 | 1 |
_aAub, Max, _d1903-1972 _923783 |
|
| 245 | 1 | 0 |
_aLamentos del Sinaí / _cMax Aub ; edición de Pasqual Mas i Usó. |
| 260 |
_aMadrid : _bVisor Libros, _c2008. |
||
| 300 |
_a335 p. ; _c20 cm. |
||
| 490 | 1 |
_aColección Visor de poesía ; _v687 |
|
| 700 | 1 |
_aMas i Usó, Pasqual. _978637 |
|
| 830 | 0 |
_aColección Visor de poesía _v687 _9177331 |
|
| 852 | 4 |
_aES-MaACL _jL-29670 _9R.143826 |
|
| 999 |
_c169317 _d169317 |
||